000 01224nam0a22003011 4500
001 v19\rc\1550659
005 20250618184011.0
035 _a(NLR Aleph) 004665973
090 _a3613747
_c3613747
100 _a20060620d1903 |||y0rusy50 ca
101 0 _arus
102 _aRU
105 _ay j |||||
200 1 _aПриготовительный курс русской грамматики
_eУчебник для приготовит. класса при гимназиях и прогимназиях М-ва нар. прос. и вообще для начинающих
_fП. Смирновский
205 _a7-е изд. Печ. без перемен с 6-го изд.
210 _aМосква
_cА.Я. Панафидин
_d1903
_eСанкт-Петербург
215 _aVI, 64 с.
_d23
532 1 3 _aПриготовительный курс русской грамматики
700 1 _aСмирновский
_bП.В.
_f1846-1904
_gПетр Владимирович
801 0 _aRU
_bNLR
_gpsbo
801 0 _aRU
_bRuMoRGB
_2psbo
801 1 _aRU
_bProSoft-M
_2rusmarc
852 _aNLR
_j34.9.5.129
899 _aRuMoRGB
_jH 5/316
899 _aБАН
942 _cBOOK
980 _aNB